[Event "11th European Senior Team"]
[Site "Velden AUT"]
[Date "2009.04.12"]
[Round "8"]
[White "Walther,D"]
[Black "Birkestrand,O"]
[Result "1-0"]
[WhiteElo "2173"]
[BlackElo "1859"]

1.d4 Nf6 2.Bg5 g6 3.Nc3 d5 4.f3 Bg7 5.Qd2 Nc6 6.O-O-O O-O 7.Bh6 Ne8 8.Bxg7 Kxg7
9.h4 h5 10.e4 e6 11.g4 dxe4 12.gxh5 Nf6 13.hxg6 fxg6 14.fxe4 Nh5 15.Bb5 e5
16.Bxc6 Ng3 17.Bxb7 Nxh1 18.Bxa8 Bg4 19.Nge2 Qxh4 20.Bd5 Qh2 21.b3 Rf2 22.Re1 Ng3
23.Bc4 Nf1 24.Qg5 Bxe2 25.Nxe2 exd4 26.Nxd4 Nd2 27.Nf5+  1-0

[Event "Open"]
[Site "Lenk SUI"]
[Date "2009.04.13"]
[Round "7"]
[White "Curien,N"]
[Black "Burnier,D"]
[Result "0-1"]
[WhiteElo "2233"]
[BlackElo "2331"]

1.d4 Nf6 2.Bg5 c5 3.Bxf6 gxf6 4.d5 Qb6 5.Qc1 f5 6.c4 Bg7 7.Nc3 d6 8.e3 Nd7
9.Qc2 Qa5 10.Nf3 b5 11.cxb5 Nb6 12.Nd2 a6 13.Nc4 Nxc4 14.Bxc4 Rb8 15.b6 Rxb6
16.Rc1 O-O 17.O-O Bd7 18.b3 Bb5 19.Bd3 e6 20.Rfd1 Qb4 21.Ne2 Qh4 22.g3 Qh6
23.Bc4 Bxc4 24.Qxc4 e5 25.Qa4 Qh5 26.Rd2 Qf3 27.Rc4 Bh6 28.Qd7 Bxe3 29.fxe3 Qxe3+
30.Kf1 Qxd2 31.Qxf5 Rb4 32.Nf4 Qd1+ 33.Kf2 Rfb8 34.Qg5+ Kf8 35.Ne6+ Ke8 36.Qf6 Qd2+
37.Kg1 Rxc4 38.Ng7+ Kd7 39.Qxf7+ Kc8 40.Qe6+ Kb7 41.bxc4 Ka8 42.Qf5 Qxa2  0-1

[Event "FSIMA April"]
[Site "Budapest HUN"]
[Date "2009.04.14"]
[Round "11"]
[White "Corke,A"]
[Black "Kahn,E"]
[Result "1-0"]
[WhiteElo "2237"]
[BlackElo "2285"]

1.d4 Nf6 2.Bg5 c5 3.Bxf6 gxf6 4.d5 Qb6 5.Qc1 f5 6.c4 Bh6 7.Qc2 Qb4+ 8.Nc3 Qxc4
9.e4 Qb4 10.e5 d6 11.exd6 exd6 12.a3 Qa5 13.Bd3 Nd7 14.Nf3 Bg7 15.O-O Ne5
16.Nxe5 Bxe5 17.Bxf5 Qd8 18.Rae1 Kf8 19.Bxc8 Rxc8 20.Qf5 Rg8 21.Ne4 Rg6 22.f4 Bd4+
23.Kh1 Kg7 24.Qh5 Rh6 25.Qg4+ Kh8 26.Ng5 Rc7 27.Re2 Qd7 28.Qg3 Rg6 29.Qh4 f5
30.Ne6 Bf6 31.Qh5 Rc8 32.Qxf5 Rcg8 33.Qd3 Qf7 34.Qf3 b5 35.g3 a5 36.Rg2 b4
37.axb4 axb4 38.g4 h6 39.f5 R6g7 40.Nxg7 Qxg7 41.b3 Qg5 42.Re1 Ra8 43.Rge2 Be5
44.Rxe5 dxe5 45.d6 Ra2 46.Qe4 Qf4 47.Qxf4 exf4 48.d7  1-0

[Event "ch-SRB"]
[Site "Kragujevac SRB"]
[Date "2009.04.14"]
[Round "12"]
[White "Ivanisevic,I"]
[Black "Miladinovic,I"]
[Result "1-0"]
[WhiteElo "2625"]
[BlackElo "2571"]

1.d4 Nf6 2.Bg5 d5 3.Bxf6 gxf6 4.e3 c6 5.c4 Bf5 6.Nc3 e6 7.a3 Nd7 8.Rc1 a6
9.Nf3 Bg4 10.h3 Bh5 11.cxd5 cxd5 12.Bd3 Bd6 13.g4 Bg6 14.h4 Nb6 15.h5 Bxd3
16.Qxd3 h6 17.Ke2 Rc8 18.Rc2 Rg8 19.Rg1 Ke7 20.e4 Bf4 21.Kf1 Qd7 22.Re2 Kf8
23.Ne1 Nc4 24.exd5 exd5 25.b3 Nb6 26.Qf3 Bc1 27.a4 a5 28.Rc2 Bg5 29.Nd3 Qc7
30.Nc5 Qf4 31.Qxf4 Bxf4 32.Nxb7 Kg7 33.Ke2 Kh7 34.Kf3 Bd2 35.Nc5 Bxc3 36.Rxc3 f5
37.Kf4 Na8 38.Re3 Nc7 39.Re7  1-0

[Event "Sydney International Open"]
[Site "Parramatta AUS"]
[Date "2009.04.17"]
[Round "5"]
[White "Jones,G"]
[Black "Xie,G"]
[Result "0-1"]
[WhiteElo "2550"]
[BlackElo "2402"]

1.d4 Nf6 2.Bg5 c5 3.d5 g6 4.Nc3 Bg7 5.e4 h6 6.Be3 Qb6 7.f3 Qxb2 8.Na4 Qe5
9.c3 b6 10.Nh3 Qc7 11.Rb1 O-O 12.g4 d6 13.Nf4 Nfd7 14.Nd3 c4 15.Nf2 e6 16.Bd4 Nf6
17.h4 e5 18.Be3 h5 19.Be2 Nbd7 20.Qd2 Rb8 21.Nb2 b5 22.Nbd1 a5 23.Rg1 Kh7
24.Nh3 b4 25.cxb4 axb4 26.Qc2 c3 27.Nhf2 Qa5 28.Nd3 Ba6 29.N1f2 Bc4 30.Nc1 Bxe2
31.Kxe2 Rfc8 32.Kf1 Nc5 33.Kg2 hxg4 34.fxg4 Qa4 35.Qxa4 Nxa4 36.g5 Nh5 37.Nfd3 Rc4
38.Kf3 f5 39.gxf6 Nxf6 40.Nf2 Rf8 41.Ke2 Nxe4 42.Rg4 c2 43.Rb3 Nec3+ 44.Kd3 Rxg4
45.Nxg4 Nxd5 46.Kxc2 Rc8+ 47.Kd2 Rc4 48.Rd3 Nac3 49.Nf2 Nxe3 50.Rxd6 Nf5
51.Rd7 Rxh4 52.Ne2 e4 53.Nxc3 e3+ 54.Ke2 bxc3 55.Nd3 c2 56.Rc7 Rh3 57.Ne1 Nd4+
58.Kd3 e2+ 59.Kd2 Kg8 60.Rc8+ Kf7 61.Rc7+ Kf6 62.Nxc2 Bh6+ 63.Ke1 Rh1+ 64.Kf2 Rf1+  0-1

[Event "Sydney International Open"]
[Site "Parramatta AUS"]
[Date "2009.04.17"]
[Round "6"]
[White "Illingworth,M"]
[Black "Chan,Jas"]
[Result "1-0"]
[WhiteElo "2243"]
[BlackElo "2056"]

1.d4 Nf6 2.Bg5 g6 3.Bxf6 exf6 4.e3 d5 5.c4 dxc4 6.Bxc4 Bg7 7.Nc3 O-O 8.Nge2 c6
9.b4 f5 10.O-O Nd7 11.Qc2 Nf6 12.Rfd1 Be6 13.Bxe6 fxe6 14.b5 cxb5 15.Qb3 Qe7
16.Nf4 Rfe8 17.Nxb5 a6 18.Nc3 Kh8 19.Nd3 Rac8 20.Rac1 Bf8 21.Na4 Qa3 22.Rxc8 Qxb3
23.axb3 Rxc8 24.Nac5 Bxc5 25.Nxc5 e5 26.Nxb7 exd4 27.exd4 Nd5 28.g3 Kg8 29.Nc5 Nb4
30.Kg2 Kf7 31.Kf3 Ke7 32.Kf4 Kd6 33.Kg5 Re8 34.Kh6 Re7 35.Ra1 Nc2 36.Ra4 Kd5
37.Nd3 Nxd4 38.Nf4+ Ke5 39.Ra5+ Ke4 40.Rxa6 Nxb3 41.Ra3 Rb7 42.Ne6 Ke5 43.Nd8 Rb6
44.Kxh7 Kf6 45.Ra7 Nc5 46.f4  1-0

[Event "4th Open"]
[Site "Angers FRA"]
[Date "2009.04.19"]
[Round "6"]
[White "Ruch,B"]
[Black "Pailhe,L"]
[Result "1-0"]
[WhiteElo "2006"]
[BlackElo "1990"]

1.d4 Nf6 2.Bg5 c5 3.Bxf6 gxf6 4.c3 cxd4 5.cxd4 d5 6.e3 Nc6 7.Nc3 e6 8.Nf3 Rg8
9.g3 Bd6 10.a3 Bd7 11.e4 dxe4 12.Nxe4 Be7 13.Bg2 Qb6 14.O-O f5 15.Nc5 Bxc5
16.dxc5 Qxc5 17.b4 Qb6 18.Qd3 O-O-O 19.b5 Ne7 20.a4 Ng6 21.Rfb1 Kb8 22.a5 Qc5
23.a6 e5 24.axb7 e4 25.Qd4 Qxd4 26.Nxd4 Kxb7 27.f3 Rge8 28.Bh3 Ne5 29.Bg2 Nd3
30.Ra3 Nc5 31.Bh3 Re5 32.fxe4 fxe4 33.Bxd7 Rxd7 34.Nc6 Red5 35.Rxa7+ Kb6
36.Rxd7 Nxd7 37.Ne7 Rxb5 38.Nc8+ Kc5 39.Rxb5+ Kxb5 40.Nd6+ Kc6 41.Nxe4 Ne5
42.Kg2 h6 43.Nf6 Kd6 44.Ng8 Ng4 45.h3 Ne3+ 46.Kf3 Nf5 47.g4 Nd4+ 48.Ke4 Ne6
49.h4 Ng7 50.Nxh6 Ke6 51.Nf5 Ne8 52.g5 f6 53.g6  1-0

[Event "XV Leonardo di Bona Magistrale"]
[Site "Cutro ITA"]
[Date "2009.04.21"]
[Round "4"]
[White "Bentivegna,F"]
[Black "Inkiov,V"]
[Result "1/2-1/2"]
[WhiteElo "2326"]
[BlackElo "2471"]

1.d4 Nf6 2.Bg5 c5 3.d5 Qb6 4.Nc3 Qxb2 5.Bd2 Qb6 6.e4 d6 7.f4 e6 8.Nf3 Be7
9.Rb1 Qd8 10.Bb5+ Bd7 11.dxe6 fxe6 12.Ng5 O-O 13.Bc4 d5 14.exd5 exd5 15.Nxd5 Kh8
16.Nxf6 Bxf6 17.O-O Bg4 18.Qxg4 Qd4+ 19.Kh1 Qxc4 20.Ne6 Rf7 21.Ng5 Rf8 22.Qe6 Qxe6
23.Nxe6 Rf7 24.Nxc5 b6 25.Ne4 Nd7 26.Nxf6 Nxf6 27.Rfe1 Rc8 28.c3 Nd5 29.g3 h6
30.Kg2 Nxc3 31.Bxc3 Rxc3 32.Rb2 Rfc7 33.Ree2 Ra3 34.Red2 Kg8 35.Re2 Kf7 36.Kf2 h5
37.Rbd2 h4 38.Re3 hxg3+ 39.hxg3 Rxe3 40.Kxe3 Ke6 41.g4 Rc3+ 42.Ke4 Ra3 43.f5+ Kf6
44.Rd6+ Ke7 45.Rd2 Ra4+ 46.Kf3 Kf6 47.Rd6+ Ke7 48.Rd2 Kf6 49.Rd6+ Ke7 50.Rd2  1/2-1/2

[Event "11th Dubai Open"]
[Site "Dubai UAE"]
[Date "2009.04.27"]
[Round "2"]
[White "Moosavian,S"]
[Black "Gopal,G"]
[Result "1/2-1/2"]
[WhiteElo "2395"]
[BlackElo "2572"]

1.d4 Nf6 2.Bg5 d5 3.Bxf6 exf6 4.e3 Bd6 5.c4 dxc4 6.Bxc4 O-O 7.Nc3 f5 8.Qf3 Nd7
9.Nge2 Nf6 10.O-O g6 11.h3 Re8 12.Rad1 c6 13.Rfe1 Ne4 14.Nxe4 fxe4 15.Qxf7+ Kh8
16.Nf4 b5 17.Bb3 Rb8 18.Bc2 Rb7 19.Qb3 Qf6 20.d5 c5 21.Qc3 Rf7 22.Qxf6+ Rxf6
23.Ne6 Bxe6 24.dxe6 Rexe6 25.Rd5 Rf5 26.Red1 Rxd5 27.Rxd5 Be7 28.Kf1 Kg7
29.Ke2 a6 30.a4 bxa4 31.Bxa4 Rb6 32.b3 c4 33.bxc4 Rb2+ 34.Rd2 Rb4 35.Ra2 Rxc4
36.Bd1 Rb4 37.Bc2 Kf6 38.Rxa6+ Ke5 39.Ra5+ Ke6 40.Kd2 Bh4 41.Kc3 Rb7 42.Ra6+ Ke5
43.g3 Bd8 44.Ra4 Rf7 45.Rxe4+ Kd6 46.f4 Bb6 47.Bb3 Re7 48.Kd3 Rxe4 49.Kxe4 Ke7
50.Kf3 Ba5 51.e4 Be1 52.g4 Bc3 53.e5 g5 54.fxg5 Bxe5 55.Bg8 Bc3 56.Ke2 Be5
57.Kf3 Bc3 58.Bxh7 Bd2 59.g6 Kf8 60.Ke4 Kg7 61.Kf5 Be1 62.g5 Bf2 63.Kg4 Be3
64.h4 Bd4 65.Kf5 Kh8 66.Ke6 Bg7 67.Kf7 Bh6 68.Bg8 Bg7 69.Bh7 Bh6 70.h5 Bg7
71.Ke6 Bh6 72.Kf6 Bg7+ 73.Kf5 Bf8 74.Kf4 Bg7 75.Kg4 Bf8 76.Kf4 Bg7 77.Kf5 Bf8
78.Kf6 Bg7+ 79.Kf7 Bh6 80.g7+ Bxg7 81.Bd3 Bh6  1/2-1/2

[Event "IV Tch-ESP Selecciones Autonomicas"]
[Site "Villava ESP"]
[Date "2009.04.30"]
[Round "1"]
[White "Alvarez Fernandez,E"]
[Black "Sevilla Subiza,J"]
[Result "1-0"]
[WhiteElo "2376"]
[BlackElo "1867"]

1.d4 Nf6 2.Bg5 g6 3.Bxf6 exf6 4.e3 Bg7 5.g3 d5 6.Bg2 O-O 7.Ne2 Re8 8.O-O c6
9.Nd2 Bf5 10.Nf4 Qd7 11.b4 g5 12.Nd3 Bxd3 13.cxd3 f5 14.Nb3 b6 15.Qh5 h6
16.h4 f6 17.b5 a6 18.a4 Kf8 19.a5 axb5 20.axb6 Na6 21.Rxa6 Rxa6 22.Nc5 Qd8
23.Nxa6 Qxb6 24.Nc5 Qa7 25.Bh3 g4 26.Bg2  1-0

[Event "TOP 16 GpA"]
[Site "Mulhouse FRA"]
[Date "2009.05.01"]
[Round "5"]
[White "Legky,N"]
[Black "San Emeterio Cabanes,J"]
[Result "1/2-1/2"]
[WhiteElo "2468"]
[BlackElo "2392"]

1.d4 Nf6 2.Bg5 d5 3.e3 Ne4 4.Bf4 c5 5.c3 Nc6 6.Nd2 Nxd2 7.Qxd2 cxd4 8.exd4 Bf5
9.Be2 e6 10.Nf3 Be7 11.O-O O-O 12.Rfe1 Rc8 13.b3 a6 14.Red1 b5 15.Ne5 Nxe5
16.dxe5 Qb6 17.Be3 Qb7 18.b4 Qc7 19.Bd4 f6 20.f4 fxe5 21.fxe5 Qd8 22.Rf1 Bg5
23.Qd1 Bh4 24.Bc5 Rf7 25.Qd2 Bg5 26.Qd1 Bh4 27.Qd2 Bg5  1/2-1/2

[Event "4NCL 2008-9"]
[Site "Staverton ENG"]
[Date "2009.05.04"]
[Round "11"]
[White "Taylor,Mart"]
[Black "Moskovic,D"]
[Result "1/2-1/2"]
[WhiteElo "2330"]
[BlackElo "2304"]

1.d4 Nf6 2.Bg5 d5 3.e3 c6 4.Bd3 Qb6 5.Qc1 Nbd7 6.Nf3 g6 7.c4 dxc4 8.Bxc4 Ne4
9.Bh4 Qa5+ 10.Nc3 Bg7 11.O-O Nxc3 12.Qxc3 Qxc3 13.bxc3 e5 14.a4 O-O 15.Rfb1 e4
16.Nd2 Re8 17.a5 Bf8 18.Ba2 Bd6 19.Nc4 Bc7 20.Bg3 Bxg3 21.hxg3 Re7 22.Nd6 Nf6
23.Rb2 Rd7 24.Nc4 Nd5 25.Ne5 Rc7 26.c4 Nc3 27.Bb3 f6 28.c5+ Kg7 29.Nc4 Nb5
30.Nd6 Nxd6 31.cxd6 Rd7 32.Be6 Rxd6 33.Bxc8 Rxc8 34.Rxb7+ Kh6 35.Rxa7 c5
36.Rc1 Rdc6 37.dxc5 Rxc5 38.Rxc5 Rxc5 39.g4 Kg5 40.a6 Ra5 41.Rxh7 Rxa6 42.Re7 Kxg4
43.Rxe4+ Kf5 44.Rf4+ Ke5 45.g4 Ke6 46.Kg2 Ra5 47.Rb4 g5 48.Kf3 Rc5 49.Rb6+ Kf7
50.Kg3 Rc3 51.Kf3  1/2-1/2

[Event "2nd Mayors Cup"]
[Site "Mumbai IND"]
[Date "2009.05.05"]
[Round "6"]
[White "Rahman,Zia"]
[Black "Meenakshi,Sub"]
[Result "1-0"]
[WhiteElo "2523"]
[BlackElo "2303"]

1.d4 Nf6 2.Bg5 d5 3.e3 c6 4.Bd3 Qb6 5.Nd2 Qxb2 6.Ngf3 Ne4 7.Nxe4 dxe4 8.Bxe4 Qc3+
9.Kf1 Nd7 10.Kg1 g6 11.Rb1 Bg7 12.h4 Nf6 13.Bd3 h6 14.Bf4 Qa5 15.e4 O-O 16.Qc1 Ng4
17.a3 h5 18.e5 b5 19.c3 a6 20.Nd2 Qb6 21.Nb3 f6 22.e6 Bxe6 23.Bxg6 Bf7 24.Bxf7+ Rxf7
25.f3 Ne5 26.Nc5 Ng6 27.Rh3 e5 28.Be3 f5 29.Ne6 f4 30.Bf2 c5 31.d5 Rc8 32.Qc2 Nf8
33.Ng5 Rd7 34.c4 Qg6 35.Ne4 bxc4 36.Qxc4 Qf7 37.Rd1 Nh7 38.Qxa6 Rcd8 39.d6 Qb3
40.Rc1 c4 41.Rh1 Nf6 42.Nxf6+ Bxf6 43.Bc5 c3 44.Qd3 Rc8 45.Bb4 Qf7 46.Kf2 Be7
47.Qa6 Rc4 48.dxe7 Rd2+ 49.Kf1 Rxb4 50.Qc8+ Kg7 51.e8=Q Qxe8 52.Qxe8 Rbb2
53.Qxe5+  1-0

[Event "ch-RUS U20 w"]
[Site "Dagomys RUS"]
[Date "2009.05.06"]
[Round "7"]
[White "Pustovoitova,D"]
[Black "Gunina,V"]
[Result "1/2-1/2"]
[WhiteElo "2286"]
[BlackElo "2411"]

1.d4 Nf6 2.Bg5 g6 3.Bxf6 exf6 4.g3 Bg7 5.Bg2 O-O 6.c4 f5 7.e3 c5 8.Ne2 Nc6
9.Qd2 Qb6 10.Bxc6 dxc6 11.Nbc3 Qb4 12.b3 cxd4 13.exd4 f4 14.Qxf4 Bh3 15.f3 Rfe8
16.Kf2 Rad8 17.Rad1 b5 18.c5 f5 19.Rd3 Qa3 20.Qc1 Qa5 21.Rhd1 Qb4 22.Qd2 f4
23.Ne4 fxg3+ 24.Kxg3 Qxd2 25.R3xd2 Bf5 26.Nd6 Rf8 27.Nc3 h5 28.Re2 Rd7 29.Nce4 Bh6
30.h4 Be6 31.Ng5 Bd5 32.f4 Rfd8 33.Rde1 Bf8 34.Ne8 Bg7 35.Nxg7 Kxg7 36.Re7+ Rxe7
37.Rxe7+ Kf6 38.Re3 a5 39.Ne4+ Kg7 40.Nd6 Kf6 41.Ne4+ Kg7 42.Nd6 Kf6 43.Ne4+ Kg7  1/2-1/2

[Event "ch-LTU"]
[Site "Vilnius LTU"]
[Date "2009.05.06"]
[Round "6"]
[White "Vaznonis,V"]
[Black "Cmilyte,V"]
[Result "1-0"]
[WhiteElo "2338"]
[BlackElo "2498"]

1.d4 Nf6 2.Bg5 d5 3.Bxf6 exf6 4.e3 Bd6 5.c4 dxc4 6.Bxc4 f5 7.Nc3 c6 8.Qf3 O-O
9.Nge2 Nd7 10.Bd3 g6 11.h4 h5 12.Nf4 Nf6 13.O-O Bd7 14.g3 b5 15.Rac1 Re8
16.Rfe1 Rc8 17.Qd1 Qe7 18.Bf1 Ne4 19.Bg2 Kg7 20.Bf3 Rh8 21.Kg2 f6 22.Rh1 b4
23.Na4 Be8 24.Nc5 Bf7 25.Qc2 Bxc5 26.Bxe4 Bd6 27.Bf3 c5 28.dxc5 Rxc5 29.Qd3 Rxc1
30.Rxc1 Rd8 31.Nd5 Qd7 32.Rd1 Qa4 33.Qd4 Be5 34.Qxb4 Qxa2 35.Qe7 Re8 36.Qd7 Qa5
37.b4 Qa2 38.Nc7 Rf8 39.Bd5 Qc2 40.Ne6+ Kh6 41.Nxf8 Bxg3 42.Kxg3 f4+ 43.exf4 Qxd1
44.Bxf7 Qg1+ 45.Kf3 Qh1+ 46.Ke3 Qe1+ 47.Kd3 Qxb4 48.Bxg6  1-0

[Event "XXVIII Open"]
[Site "Zalakaros HUN"]
[Date "2009.05.10"]
[Round "3"]
[White "Duong The Anh"]
[Black "Groszpeter,A"]
[Result "1/2-1/2"]
[WhiteElo "2434"]
[BlackElo "2553"]

1.d4 Nf6 2.Bg5 d5 3.e3 Nbd7 4.Nf3 Ne4 5.Bf4 c6 6.Nbd2 Ndf6 7.Bd3 Bg4 8.h3 Bh5
9.g4 Bg6 10.Ne5 Nxd2 11.Qxd2 Bxd3 12.Qxd3 Nd7 13.O-O-O Nxe5 14.Bxe5 e6 15.Kb1 f6
16.Bg3 Bd6  1/2-1/2

[Event "8th Asian Continental Women"]
[Site "Subic Bay PHI"]
[Date "2009.05.13"]
[Round "1"]
[White "Huang Qian"]
[Black "Camacho,C"]
[Result "1/2-1/2"]
[WhiteElo "2410"]
[BlackElo "2166"]

1.d4 Nf6 2.Bg5 c5 3.Bxf6 exf6 4.c3 b6 5.d5 d6 6.c4 g6 7.Nc3 Bg7 8.e3 O-O
9.Bd3 f5 10.Nge2 Nd7 11.O-O Ne5 12.b3 a6 13.a4 Rb8 14.Bc2 Ng4 15.h3 Nf6 16.Bd3 Nh5
17.Qd2 Bd7 18.Rae1 Re8 19.Kh2 Qf6 20.f4 g5 21.g3 Qh6 22.Kg2 Re7 23.Nd1 Kh8
24.Qc2 gxf4 25.Nxf4 Re5 26.Qe2 Nf6 27.Nf2 Rg8 28.Kh2 Ne4 29.Bxe4 fxe4 30.Ng4 Bxg4
31.Qxg4 Bf6 32.Qd7 Reg5 33.Rg1 Rxg3 34.Rxg3 Rxg3 35.Kxg3 Qh4+ 36.Kg2 Qxe1
37.Qxf7 Qd2+ 38.Kg3 Qxe3+ 39.Kg4 Qg1+ 40.Kf5 Be5 41.Qf8+ Qg8 42.Qxg8+ Kxg8
43.Ng2 Kg7 44.Kxe4 Kg6 45.Ne1 Kf6 46.Nf3 Bg3 47.Nd2 Kg5 48.Kf3 Be5 49.Ne4+ Kf5
50.Nf2 Bd4 51.Nd3 Bc3 52.Nf4 Bf6 53.Ne6 h6 54.Nc7 a5 55.Ne6 Be5 56.Nd8 Bg7
57.h4 Bf8 58.Nc6 Bg7 59.Ne7+ Ke5 60.Nc8 Bf8 61.Ke3 Kf5 62.Kf3 Ke5 63.Nxb6 Kd4
64.Nd7 Bg7 65.Nb8 Kc3 66.Nc6 Kxb3 67.Nxa5+ Kxa4 68.Nb7 Bf8 69.Ke4 Kb3 70.Kd3 Be7
71.Na5+ Ka4 72.Nb7 Kb3 73.Na5+ Ka4 74.Nb7  1/2-1/2

[Event "8th Asian Continental Open"]
[Site "Subic Bay PHI"]
[Date "2009.05.14"]
[Round "2"]
[White "Torre,E"]
[Black "Lou Yiping"]
[Result "1-0"]
[WhiteElo "2561"]
[BlackElo "2410"]

1.d4 Nf6 2.Bg5 d5 3.e3 c6 4.Bd3 Bg4 5.Ne2 Nbd7 6.f3 Bh5 7.Nf4 Bg6 8.Nxg6 hxg6
9.O-O e5 10.c3 Bd6 11.f4 e4 12.Be2 Nf8 13.c4 Ne6 14.Bxf6 Qxf6 15.cxd5 cxd5
16.h3 Nc7 17.Nc3 g5 18.f5 O-O 19.Qb3 Rfd8 20.Bg4 Rab8 21.Rac1 b5 22.Kh1 Bg3
23.Ne2 Qd6 24.Rc5 Na6 25.Rc3 Rb6 26.Rfc1 Qb8 27.f6 Bc7 28.fxg7 Kxg7 29.Rf1 Qb7
30.Rf5 f6 31.Rc1 Bb8 32.g3 Rc6 33.Rcf1 Nc7 34.Nc3 Re6 35.Nxd5 Nxd5 36.Rxd5 Rxd5
37.Bxe6 Rd8 38.Rg1 Qc6 39.Bf5 Re8 40.Kh2 Re7 41.Rg2 a5 42.a3 Bc7 43.Qd1 Qd5
44.Qg4 Qb3 45.Re2 Qd1 46.Kg2 Kh6 47.Rf2 Qd3 48.Qe2 Qb3 49.h4 Qg8 50.Qg4 Qe8
51.hxg5+ fxg5 52.Rf1  1-0

[Event "TCh-ISR 2008-9"]
[Site "Israel ISR"]
[Date "2009.05.15"]
[Round "9"]
[White "Kudischewitsch,D"]
[Black "Kundin,A"]
[Result "0-1"]
[WhiteElo "2343"]
[BlackElo "2368"]

1.d4 d5 2.Bg5 Nf6 3.Bxf6 gxf6 4.e3 Bf5 5.c4 c6 6.Nc3 e6 7.Qb3 Qb6 8.O-O-O Qxb3
9.axb3 Na6 10.Nf3 Nb4 11.Rd2 h6 12.Nh4 Bh7 13.g3 a6 14.f4 b5 15.Be2 f5 16.Nf3 Bd6
17.Kb1 Ke7 18.Rc1 Rhb8 19.Na2 bxc4 20.bxc4 f6 21.Nc3 Bg6 22.Ne1 Be8 23.Ka1 Ra7
24.Nc2 Nxc2+ 25.Rdxc2 Rab7 26.Ka2 Rb4 27.Ra1 a5 28.Kb1 Ra8 29.Kc1 Bd7 30.Ra2 Rb3
31.Nd1 Bc8 32.Rc3 Rxc3+ 33.Nxc3 Bb4 34.Kc2 Ba6 35.b3 Kd7 36.Na4 Kc7 37.Bd3 h5
38.cxd5 cxd5 39.Bxa6 Rxa6 40.Kd3 Rc6 41.Rc2 Rxc2 42.Kxc2 Kc6 43.Nb2 Kb5 44.Kd1 Bd6
45.Nd3 Be7 46.Ke2 a4 47.bxa4+ Kxa4 48.Kf3 Kb5 49.Ke2 Kc4 50.Ne1 Bb4 51.Nf3 Bd6
52.Nh4 Bb4 53.Ng6 Ba3 54.Kd2 Bb4+ 55.Ke2 Ba3 56.Nh8 Bb4 57.Nf7 Be7 58.Kd2 Bb4+
59.Ke2 Be7 60.Nh6 Bd8 61.Kd2 Ba5+ 62.Ke2 Bd8 63.Ng8 Kb4 64.Kd3 Kb5 65.Nh6 Kb4
66.Nf7 Be7 67.Nh8 Bf8 68.Ng6 Bd6 69.Nh4 Be7 70.Nf3 Bd6 71.Ng1 Kb3 72.Nh3 Bb4
73.Ke2 Kc4 74.Nf2 Bd6 75.Nd3 Be7 76.h3 Bb4 77.Nf2 Be7 78.Kf3 Kc3 79.g4 fxg4+
80.hxg4 hxg4+ 81.Nxg4 Kd3 82.Nf2+ Kd2 83.Nh1 Kd3 84.Ng3 Bb4 85.Nh1 Be1 86.Nf2+ Bxf2
87.Kxf2 Kd2 88.Kf3 f5 89.Kf2 Kc3 90.Kg2 Kc2 91.Kg1  0-1

[Event "8th Asian Continental Open"]
[Site "Subic Bay PHI"]
[Date "2009.05.20"]
[Round "8"]
[White "Bui Vinh"]
[Black "Sasikiran,K"]
[Result "0-1"]
[WhiteElo "2522"]
[BlackElo "2682"]

1.d4 Nf6 2.Bg5 d5 3.e3 c6 4.Bd3 Bg4 5.Ne2 Nbd7 6.O-O e5 7.f3 Be6 8.f4 e4
9.f5 Bxf5 10.Rxf5 exd3 11.Qxd3 Bd6 12.Nbc3 Qe7 13.Raf1 O-O-O 14.Nd1 h6 15.Bh4 Kb8
16.c4 dxc4 17.Qxc4 Qe6 18.b3 Rde8 19.h3 Nd5 20.Bg3 Bxg3 21.Nxg3 Nxe3 22.Nxe3 Qxe3+
23.Kh2 f6 24.b4 g6 25.R5f2 Qe6 26.Qd3 Qd6 27.b5 c5 28.Kh1 f5 29.Ne2 Re4 30.Qa3 Rhe8
31.dxc5 Nxc5 32.Nf4 b6 33.Qc1 Rd4 34.Re2 Ne4 35.Qe3 g5  0-1

[Event "8th Asian Continental Open"]
[Site "Subic Bay PHI"]
[Date "2009.05.22"]
[Round "10"]
[White "Nguyen Ngoc Truong Son"]
[Black "Kunte,A"]
[Result "1/2-1/2"]
[WhiteElo "2588"]
[BlackElo "2513"]

1.d4 Nf6 2.Bg5 d5 3.Bxf6 exf6 4.e3 f5 5.c4 dxc4 6.Bxc4 Bd6 7.Nc3 c6 8.Nf3 Nd7
9.Qc2 Nb6 10.Bd3 g6 11.h4 Be6 12.a3 Qe7 13.Ng5 O-O-O 14.Nxe6 Qxe6 15.O-O-O Kb8
16.g3 c5 17.Kb1 Rc8 18.Rhe1 Rhe8 19.d5 Qf6 20.f4 c4 21.Bf1 Qd8 22.e4 fxe4
23.Rxe4 Rxe4 24.Nxe4 f5 25.Nc3 Qd7 26.h5 Re8 27.hxg6 hxg6 28.Qd2 Bc5 29.Re1 a6
30.Re5 Bd6 31.Rxe8+ Qxe8 32.Qd4 Qe1+ 33.Ka2 Nc8 34.Bxc4 Qxg3 35.Ne2 Qf3 36.Kb1 Qg2
37.Kc2 g5 38.fxg5 Qxg5 39.Nc3 Qg4 40.Qxg4 fxg4 41.Ne4 g3 42.Bf1 Be5 43.Nc5 Kc7
44.b4 Ne7 45.Kd3 b6 46.Ke4 bxc5 47.Kxe5 Ng6+ 48.Kf5 cxb4 49.axb4 Nh4+ 50.Ke5 g2
51.d6+ Kc6 52.Bxg2+ Nxg2 53.b5+ axb5 54.d7 Kxd7  1/2-1/2

[Event "8th Asian Continental Open"]
[Site "Subic Bay PHI"]
[Date "2009.05.23"]
[Round "11"]
[White "Tu Hoang Thong"]
[Black "Ashwin,J"]
[Result "1-0"]
[WhiteElo "2506"]
[BlackElo "2413"]

1.d4 Nf6 2.Bg5 d5 3.Nd2 Nbd7 4.Ngf3 e6 5.e3 b6 6.Ne5 c5 7.c3 a6 8.f4 Bb7
9.Bd3 Be7 10.Qf3 Ne4 11.Nxe4 Nxe5 12.dxe5 dxe4 13.Bxe4 Bxe4 14.Qxe4 Bxg5
15.fxg5 Qd5 16.Qxd5 exd5 17.O-O-O Rd8 18.Rd2 h6 19.g6 fxg6 20.Rhd1 Rf8 21.c4 d4
22.exd4 Rf4 23.dxc5 Rxc4+ 24.Rc2 Rxc2+ 25.Kxc2 Rc8 26.Rd5 Ke7 27.Kd3 bxc5
28.Kc4 Rf8 29.Rd2 Rc8 30.Rd6 g5 31.Rxa6 Rf8 32.Kxc5 Rf2 33.b4 Rxg2 34.b5 Rxh2
35.a4 Kf7 36.b6 Rc2+ 37.Kd6 Rd2+ 38.Kc5 g4 39.b7 Rc2+ 40.Kd6 Rb2 41.e6+ Kf6
42.e7 Kf7 43.Ra8 Rd2+ 44.Kc6 Rc2+ 45.Kd5 Rd2+ 46.Ke4 Re2+ 47.Kf4 g5+ 48.Kxg4 Re4+
49.Kf3 Rf4+ 50.Kg3  1-0

[Event "Doroshkevicha Mem"]
[Site "Belorechensk RUS"]
[Date "2009.05.26"]
[Round "4"]
[White "Kryakvin,D"]
[Black "Gochelashvili,D"]
[Result "1-0"]
[WhiteElo "2583"]
[BlackElo "2450"]

1.d4 Nf6 2.Bg5 g6 3.Bxf6 exf6 4.e3 Bg7 5.c4 O-O 6.Nc3 d6 7.g3 c5 8.Bg2 Nc6
9.Nge2 Bg4 10.Qd2 Bxe2 11.Nxe2 f5 12.O-O Qb6 13.Rfd1 a5 14.dxc5 dxc5 15.Nc3 Rad8
16.Qc2 Kh8 17.Na4 Qc7 18.Qb3 Ne5 19.Qb5 g5 20.Nc3 f4 21.Nd5 Qd6 22.Rac1 f3
23.Bf1 f5 24.Qxa5 Ra8 25.Qc7 Qh6 26.Nc3 f4 27.exf4 gxf4 28.Ne4 fxg3 29.Nxg3 Qh4
30.Rd5 Rae8 31.Re1 Ng4 32.Rh5 Qd8 33.Qxd8 Rxd8 34.Bh3 Rd4 35.Nf5 Rxc4 36.b3 Nf6
37.Rg5 Bh6 38.Nxh6 Rh4 39.Ng4 Rg8 40.Ree5 h6 41.Rxg8+ Nxg8 42.Rxc5 Rxh3 43.Rc3 Ne7
44.Ne5 Nd5 45.Rxf3 Rh5 46.Nd3 Nc3 47.a4 Ne2+ 48.Kf1 Nd4 49.Rf8+ Kg7 50.Rb8 b5
51.a5 Rxh2 52.b4 Rh1+ 53.Kg2 Ra1 54.Rd8 Nc2 55.Rd5 Ra3 56.Rc5 Nd4 57.Nf4 Ra4
58.Rd5 Nc2 59.Rxb5 Nxb4 60.Ne6+ Kg6 61.Nc5 Ra3 62.Rxb4 Rxa5 63.Nd3 Ra3 64.Ne5+ Kf6
65.Nf3 Kg6 66.Kg3 Ra8 67.Rb6+ Kh5 68.Rb5+ Kg6 69.Ne5+ Kf6 70.Ng4+ Kg6 71.Rb6+ Kg5
72.f4+ Kf5 73.Nxh6+  1-0

[Event "Subic Open"]
[Site "Subic PHI"]
[Date "2009.05.26"]
[Round "2"]
[White "Rahman,Zia"]
[Black "Lou,M"]
[Result "1/2-1/2"]
[WhiteElo "2523"]
[BlackElo "2224"]

1.d4 Nf6 2.Bg5 d5 3.e3 c5 4.Bxf6 gxf6 5.c4 cxd4 6.Qxd4 Be6 7.cxd5 Qxd5 8.Qxd5 Bxd5
9.Nc3 Bc6 10.Nge2 e6 11.a3 f5 12.Nd4 a6 13.Rg1 Bd7 14.g3 Nc6 15.Bg2 Nxd4
16.exd4 O-O-O 17.O-O-O Kb8 18.Rd3 Rc8 19.Kb1 Bg7 20.f4 Rc4 21.Rgd1 Rhc8 22.Bf3 R4c7
23.Bh5 Bc6 24.d5 exd5 25.Nxd5 Rd7 26.Nc3 Rdc7 27.Rd8 Bg2 28.Rxc8+ Kxc8 29.Rd2 Bh1
30.Kc2 b5 31.Kb3 Kb7 32.Rd6 Re7 33.Rd1 Be4 34.Rd8 Bc6 35.Nd5 Re1 36.Nb4 Be4
37.Rd7+ Kb6 38.Rxf7 Bd4 39.Rd7 Bc5 40.Nd5+ Kc6 41.Nf6 Rc1 42.Rd2 a5 43.Be8+ Kb6
44.a4 bxa4+ 45.Bxa4 Bb4 46.Nxe4 fxe4 47.Re2 Rh1 48.Kc4 e3 49.Bc2 h6 50.Kd4 Bd2
51.f5 Rf1 52.Ke5 Kc5 53.Bd3 a4 54.Ke4 Kd6 55.Bb5 Rf2 56.Rxf2 exf2 57.Kf3 Bc3
58.Kxf2 Bxb2 59.Bxa4 Ke5 60.Bc2 Kf6 61.Kf3 Bc1 62.Ke4 Bd2 63.Kd5 Be3 64.Kc6 Bg1
65.h3 Bf2 66.g4 Bd4 67.Kd7 h5 68.gxh5 Kg7 69.Ke6 Kh8 70.h6 Bc3  1/2-1/2

[Event "Subic Open"]
[Site "Subic PHI"]
[Date "2009.05.27"]
[Round "4"]
[White "Rahman,Zia"]
[Black "Ganguly,S"]
[Result "1/2-1/2"]
[WhiteElo "2523"]
[BlackElo "2625"]

1.d4 Nf6 2.Bg5 d5 3.Bxf6 exf6 4.e3 Bd6 5.g3 c6 6.Bg2 Nd7 7.Qd3 f5 8.Nd2 Nf6
9.Ne2 O-O 10.O-O Qe7 11.c4 dxc4 12.Nxc4 Bc7 13.Qa3 Qd8 14.Rac1 Re8 15.Nf4 Ne4
16.Rfd1 Bxf4 17.exf4 Be6 18.Bxe4 fxe4 19.Nd6 Re7 20.Nxe4 Bxa2 21.Re1 Be6
22.Ng5 g6 23.Re5 Re8 24.Nxe6 Rxe6 25.Rxe6 fxe6 26.Qb3 Qd7 27.Re1 Re8 28.Re5 Re7
29.Qe3 Kf7 30.h4 Qd6 31.h5 Rd7 32.hxg6+ hxg6 33.Qb3 Qe7 34.f5 gxf5 35.Rxf5+ Ke8
36.Rh5 Qf6 37.Re5 Re7 38.Qa2 a6 39.Qb3 Kd8 40.Kg2 Kc7 41.Qe3 Kd7 42.Qb3 Kc8
43.f4 Qh6 44.f5 Qd2+ 45.Kf3 Qxd4 46.Rxe6 Rd7 47.Re4 Qd2 48.Qe6 Kb8 49.Qe5+ Ka8
50.Re2 Qd1 51.Kg2 Rd5 52.Qe8+ Rd8 53.Qe5 Rd5 54.Qe8+  1/2-1/2

[Event "12th IHEM"]
[Site "Hamburg GER"]
[Date "2009.05.30"]
[Round "1"]
[White "Berg,K"]
[Black "Foerster,A"]
[Result "1-0"]
[WhiteElo "2440"]
[BlackElo "2214"]

1.d4 Nf6 2.Bg5 d5 3.e3 Nbd7 4.Nf3 c5 5.c4 cxd4 6.exd4 Ne4 7.Be3 g6 8.Nc3 Nxc3
9.bxc3 Qa5 10.Qb3 e6 11.cxd5 exd5 12.Bb5 a6 13.Bxd7+ Bxd7 14.O-O Qb5 15.Qd1 Bg7
16.Rb1 Qc6 17.Ne5 Qc8 18.Qb3 Bc6 19.c4 Bxe5 20.cxd5 Bg7 21.dxc6 bxc6 22.d5 O-O
23.Rfc1 c5 24.Bxc5 Re8 25.Be7 Qf5 26.d6 Bf8 27.Bxf8 Rxf8 28.Rc7 Rad8 29.Rd1 Rfe8
30.Re7 Rf8 31.h3 h5 32.d7 Qf6 33.Qe3 Kg7 34.f4 Kg8 35.Kh2 Qc6 36.Qe5 Rb8
37.Rd6 Qb5 38.Rxg6+  1-0

[Event "ch-UZB"]
[Site "Tashkent UZB"]
[Date "2009.06.05"]
[Round "7"]
[White "Filippov,An UZB"]
[Black "Iuldachev,S"]
[Result "0-1"]
[WhiteElo "2584"]
[BlackElo "2497"]

1.d4 Nf6 2.Bg5 d5 3.Nd2 Bf5 4.c4 Nc6 5.e3 e5 6.dxe5 Nxe5 7.Ngf3 Nxc4 8.Nxc4 dxc4
9.Bxc4 Qxd1+ 10.Rxd1 Ne4 11.Bh4 Be7 12.Rd5 Nd6 13.Bxe7 Kxe7 14.Bb3 a5 15.Rc5 Rhc8
16.Ke2 a4 17.Bc2 Be6 18.a3 b6 19.Rh5 h6 20.Rh4 b5 21.Nd4 Bd7 22.e4 c5 23.e5 Nc4
24.Nxb5 Bxb5 25.Bd3 Nxe5 26.Bxb5 Rcb8 27.Rxa4 Rxa4 28.Bxa4 Rxb2+ 29.Ke3  0-1